Music Quiz

Random Music or Song Quiz

Song Covers Quiz Stats

 Plays Quiz not verified by Sporcle

Score 0/10 Timer 05:00
0 Plays Today
Artist Who Did Cover Artist Who Wrote Song % Correct
Eric ClaptonBob Marley
94.6%
Jimi HendrixBob Dylan
89.3%
Run-DMCAerosmith
85.7%
Marilyn MansonEurythmics
75%
Johnny CashNine Inch Nails
67.9%
Jeff BuckleyLeonard Cohen
60.7%
MetallicaBob Seger
55.4%
10,000 ManiacsBruce Springsteen
48.2%
Cowboy JunkiesThe Velvet Underground
46.4%
CreamRobert Johnson
41.1%

You're not logged in!

Compare scores with friends on all Sporcle quizzes.
OR
Log In

Show Comments

Extras

Top Quizzes Today


Score Distribution

Your Account Isn't Verified!

In order to create a playlist on Sporcle, you need to verify the email address you used during registration. Go to your Sporcle Settings to finish the process.

Report this User

Report this user for behavior that violates our Community Guidelines.

Details: